000 01032nam a2200229 a 4500
999 _c12527
_d12527
001 12527
003 BD-JhCC
005 20220616130730.0
008 220616s2022 bg a|||| |||| 000 0 ban d
020 _a9789849625209
035 _a(BD-JhCC)12527
040 _aBD-JhCC
_dBD-JhCC
041 _aban
082 _a152.4
_bASH 2022
100 _aআশরাফ, সায়েদ
245 _aইমোশনাল ইন্টেলিজেন্স :
_bযেকোনো পরিস্থিতিকে হাতের মুঠোয় রাখার উপায় /
_cসায়েদ আশরাফ এবং নাসরিন সুলতানা শীলা
260 _aঢাকা :
_bআদর্শ,
_c২০২২।
300 _a১৫৮ পৃ. :
_bচিত্রাবলী সংযোজিত,
_c২১ সেমি.
504 _aগ্রন্থপঞ্জি অন্তর্ভূক্ত।
700 _aশীলা, নাসরিন সুলতানা
942 _2ddc
_cBK